| Tag |
First Indicator |
Second Indicator |
Subfields |
| LEADER |
00000cam a2200000 i 4500 |
| 001 |
in00000802428 |
| 005 |
20151017103846.0 |
| 008 |
790401s1979 dcu f00010 eng d |
| 010 |
|
|
|a gp 80001969
|
| 010 |
|
|
|a 78600170
|
| 020 |
|
|
|c $2.50 (pbk. :)
|
| 035 |
|
|
|a (OCoLC)04828746
|
| 035 |
|
|
|9 ADT8361AM
|
| 037 |
|
|
|b 20402
|
| 040 |
|
|
|a NYG
|c NYG
|d GPO
|d UtOrBLW
|
| 043 |
|
|
|a n-us---
|
| 074 |
|
|
|a 151-A
|
| 086 |
0 |
|
|a C 3.212:44
|
| 110 |
1 |
|
|a United States.
|b Bureau of the Census.
|b Economic Surveys Division.
|
| 245 |
1 |
4 |
|a The standard statistical establishment list program /
|c [prepared in the Economic Surveys Division].
|
| 264 |
|
2 |
|a [Washington] :
|b Dept. of Commerce, Bureau of the Census, Economic Surveys Division : for sale by the Supt. of Docs. U. S. Govt. Print. Off,
|c 1979.
|
| 300 |
|
|
|a vii, 66 pages :
|b forms ;
|c 28 cm.
|
| 336 |
|
|
|a text
|b txt
|2 rdacontent
|
| 337 |
|
|
|a unmediated
|b n
|2 rdamedia
|
| 338 |
|
|
|a volume
|b nc
|2 rdacarrier
|
| 490 |
1 |
|
|a Technical paper - Bureau of the Census ; 44
|
| 500 |
|
|
|a On cover: agricultural services, forestry and fishing, mining, construction, manufacturing, transportation, public utilities, wholesale, retail, finance, insurance, real estate, services.
|
| 500 |
|
|
|a Issued Jan. 1979.
|
| 504 |
|
|
|a Includes bibliographical references.
|
| 650 |
|
0 |
|a Business enterprises
|z United States.
|
| 650 |
|
0 |
|a Information storage and retrieval systems.
|
| 810 |
1 |
|
|a United States.
|b Bureau of the Census.
|t Technical paper - Bureau of the Census ;
|v 44.
|
| 999 |
|
|
|a MARS
|
| 999 |
f |
f |
|s 7a39d4d7-de31-355d-baa7-d6c29d0626dd
|i c57a4d71-714e-331b-961d-0fbe6ebad04a
|t 0
|
| 952 |
f |
f |
|p normal
|a Texas A&M University
|b College Station
|c Sterling C. Evans Library
|d Evans: US Documents (Annex 5th floor)
|t 0
|e C 3.212:44
|h Superintendent of Documents classification
|i unmediated -- volume
|m A14819226466
|
| 998 |
f |
f |
|a C 3.212:44
|t 0
|l Evans: US Documents (Annex 5th floor)
|